000 00273nam a22001217a 4500
008 180515b xxu||||| |||| 00| 0 eng d
041 _aeng
080 _a043.3
100 _a0
101 _aSHKI-BTH
245 _aSecurity in intranet and VNP
_cKryeziu,S
942 _2udc
_cBK
999 _c45805
_d45805